000 00438nam a22001457a 4500
005 20151217090651.0
008 151210b xxu||||| |||| 00| 0 eng d
050 _aPR6045.O72
_bA6
100 _aWoolf, Virginia
_921303
245 _aVirginia Woolf
_bBooks and Portraits
_cedited by Lyon, Mary
260 _aLondon
_bTriad Grafton Books
_c1977
300 _a253p.;
_c18cm.
700 _aLyon, Mary
_eed.
_921303
942 _2lcc
_cMONOGRAPH
999 _c123873
_d123873